| 000 | 01046 a2200229 4500 | ||
|---|---|---|---|
| 001 | 58924 | ||
| 005 | 20260407155843.0 | ||
| 008 | 260407a1984 arg spa d | ||
| 003 | AR-UNSa-BCEJYS | ||
| 040 |
_aAR-UNSa-BCEJYS _bspa _cAR-UNSa-BCEJYS |
||
| 080 |
_a338.53 _xPolítica de precios |
||
| 245 | 1 | 0 | _aTécnicas para la determinación de precios públicos |
| 020 | _a84-7351-172-7 | ||
| 264 | 1 |
_aMadrid : _bInstituto Nacional de Administración Pública (INAP) _c1984 |
|
| 300 |
_a344 p. _c19 cm. |
||
| 505 | _a1. Concepto de precio público - 2. Concepto, propiedades y existencia del monopolio natural - 3. Precios óptimos - 4. Precios según el coste incremental - 5. Precios libres de subsidios y precios sostenibles - 6. Revisión de precios - 7. Revisión de precios(II): Fórmulas de revisión de precios puros - 8. Otros problemas de fijación de precios públicos. | ||
| 041 | _aspa | ||
| 942 | _cBK | ||
| 590 | _aniveau_biblio:m niveau_hierar:0 | ||
| 100 | 1 | _aOcaña Perez de Tudela, Carlos | |
| 700 | 1 | _aSalas Fumas, Vicente | |
| 999 |
_c6513 _d6513 |
||